Giáo trình địa lí kinh tế - xã hội Việt Nam
সংরক্ষণ করুন:
| বিন্যাস: | গ্রন্থ |
|---|---|
| প্রকাশিত: |
H.
Giáo dục
2000
|
| ট্যাগগুলো: |
ট্যাগ যুক্ত করুন
কোনো ট্যাগ নেই, প্রথমজন হিসাবে ট্যাগ করুন!
|
| Thư viện lưu trữ: | Mạng thư viện Đại học Đà Nẵng |
|---|
| LEADER | 00684nam a2200217 4500 | ||
|---|---|---|---|
| 001 | 000015440 | ||
| 003 | 11820 | ||
| 005 | 20150812150858.0 | ||
| 008 | 120528s2000 sd | ||
| 245 | 0 | 0 | |a Giáo trình địa lí kinh tế - xã hội Việt Nam |c Nguyễn Viết Thịnh, Đỗ Thị Minh Đức |
| 260 | |a H. |b Giáo dục |c 2000 | ||
| 300 | |a 2 tập | ||
| 774 | |a Đỗ Thị Minh Đức |d Giáo dục |d H. |d 2000 |g T.1 |h 239tr. |t Phần Đại Cương |w 11822 | ||
| OWN | |a LSP | ||
| 999 | |a From the UDN01 | ||
| TYP | |a Monograph | ||
| TYP | |a Printed language | ||
| 980 | |a Mạng thư viện Đại học Đà Nẵng | ||